000 00270nam a22001217a 4500
008 171013b xxu||||| |||| 00| 0 eng d
041 _aeng
080 _24 ED
_a316
100 _a21
101 _aSOC
245 _aESSENTIALS SOCIOLOGY
_cHENSLIN.J.M
942 _2udc
_cBK
999 _c33757
_d33757